Loading...
| Mythology | 0 | 4 | 0 | 1 | 40 | 96 | 124.00 | 0 | 4 | 0.00 | 0.00 |
| Philosophy | 0 | 4 | 1 | 1 | 35 | 69 | 97.75 | 3 | 4 | 0.00 | 0.00 |
| Fine Arts - Painting and Sculpture | 0 | 4 | 1 | 0 | 35 | 79 | 90.75 | 4 | 4 | 0.00 | 0.00 |
| Fine Arts - Classical Music | 0 | 4 | 1 | 0 | 35 | 114 | 125.50 | 2 | 4 | 0.00 | 0.00 |
| Social Science | 0 | 2 | 0 | 0 | 20 | 83 | 86.00 | 1 | 2 | 0.00 | 0.00 |
| Fine Arts - Other | 0 | 2 | 0 | 1 | 20 | 120 | 126.00 | 2 | 2 | 0.00 | 0.00 |
| Literature - World | 0 | 2 | 0 | 0 | 20 | 130 | 145.50 | 1 | 2 | 0.00 | 0.00 |
| Literature - European | 0 | 2 | 1 | 0 | 15 | 59 | 72.00 | 1 | 2 | 0.00 | 0.00 |
| Pop Culture | 0 | 1 | 0 | 0 | 10 | 142 | 142.00 | 0 | 1 | 0.00 | 0.00 |
| History - American | 0 | 1 | 0 | 0 | 10 | 121 | 121.00 | 1 | 1 | 0.00 | 0.00 |
| Science - Other | 0 | 1 | 0 | 0 | 10 | 135 | 135.00 | 0 | 1 | 0.00 | 0.00 |
| Literature - British | 0 | 1 | 0 | 0 | 10 | 138 | 138.00 | 0 | 1 | 0.00 | 0.00 |
| History - European | 0 | 1 | 1 | 0 | 5 | 123 | 123.00 | 0 | 1 | 0.00 | 0.00 |
| History - Other | 0 | 0 | 1 | 0 | -5 | 0.00 | 0 | 0 | 0.00 | 0.00 | |
| Literature - American | 0 | 0 | 2 | 0 | -10 | 0.00 | 0 | 0 | 0.00 | 0.00 |